Sermones del Padre Luis Burdalue, de la extinguida Compañia llamada de Jesus, nuevamente traducidos del frances al castellano

Detalles Bibliográficos
Autor principal: Bourdaloue, Louis, S. J., 1632-1704
Otros Autores: Godos, Manuel de, ed
Formato: Libro
Lenguaje:Spanish
Publicado: en Madrid : por Blas Roman, impresor de la Real Academia de Derecho Español y Público ; a costa de Manuel Godos, mercader de libros en las gradas de San Felipe el Real, donde se hallará, 1780.
Edición:Segunda edicion
Materias:
Colección:Banco de datos
Acervo:Seminario Conciliar de Nuestra Señora de Guadalupe Querétaro. Qro.. Biblioteca Florencio Rosas. Fondo Reservado
Descripción Física:16 t. ; 4°
Tema general:Homilética
Notas:Portada tipográfica con viñeta central y pleca en grabado xilográfico. Título de la anteportada: Conceptos de religion y de moral. Tomo XV (2183). Texto a renglón seguido con paginación en números arábigos, cornisas, titulillos, signaturas, reclamos y notas a pie de página. Cada tomo con portada y paginación propias. Los t. 15 y 16 publicados en 1780. Paginación: t. 15 [4] h., 418 p.; t. 16 [4] h., 421p., [1] h. Incluyen cabeceras de título con motivos arabescos y viñetas finales con motivos arabescos y florales en grabado xilográfico. Encuadernación en pergamino sobre cartón (2183-2184). Ex libris manuscrito en el verso de la guarda anterior: "Br. Esteban de la Riva" (2183-2184). Sello en tinta del Pbro. José de la Merced Legarda (2183-2184). Daños de humedad (2183). Daños de polilla (2184)
LEADER 02182nam a22002170004500
035 |a 1350 
041 0 |a spa 
100 1 |a Bourdaloue, Louis, S. J., 1632-1704 
245 1 0 |a Sermones del Padre Luis Burdalue, de la extinguida Compañia llamada de Jesus, nuevamente traducidos del frances al castellano 
250 |a Segunda edicion 
260 |a en Madrid : por Blas Roman, impresor de la Real Academia de Derecho Español y Público ; a costa de Manuel Godos, mercader de libros en las gradas de San Felipe el Real, donde se hallará, 1780. 
300 |a 16 t. ; 4° 
500 |a Portada tipográfica con viñeta central y pleca en grabado xilográfico. Título de la anteportada: Conceptos de religion y de moral. Tomo XV (2183). Texto a renglón seguido con paginación en números arábigos, cornisas, titulillos, signaturas, reclamos y notas a pie de página. Cada tomo con portada y paginación propias. Los t. 15 y 16 publicados en 1780. Paginación: t. 15 [4] h., 418 p.; t. 16 [4] h., 421p., [1] h. Incluyen cabeceras de título con motivos arabescos y viñetas finales con motivos arabescos y florales en grabado xilográfico. Encuadernación en pergamino sobre cartón (2183-2184). Ex libris manuscrito en el verso de la guarda anterior: "Br. Esteban de la Riva" (2183-2184). Sello en tinta del Pbro. José de la Merced Legarda (2183-2184). Daños de humedad (2183). Daños de polilla (2184) 
504 |a Al principio de cada tomo está la tabla de sermones. Al final del t. 16 está el catálogo de publicaciones en venta del editor 
505 0 0 |a t. 15 Tomo primero de los conceptos, ó, Reflexiones del P. Luis Burdalue, de la extinguida Compañia llamada de Jesus. Sobre diversos asuntos de religion y de moral.-- t. 16 Tomo segundo de los conceptos, ó, Reflexiones del P. Luis Burdalue, de la extinguida Compañia llamada de Jesus. Sobre diversos asuntos de religion y de moral 
650 1 0 |a Homilética 
700 1 |a Godos, Manuel de, ed. 
949 |a Fondo Reservado: t. 15 (2183); t. 16 (2184) 
942 |c QUER-RES 
943 |g Seminario Conciliar de Nuestra Señora de Guadalupe Querétaro. Qro.. Biblioteca Florencio Rosas. Fondo Reservado 
999 |c 1109014  |d 1109014